[Event "8th EUR-ch"]
[Site "Dresden GER"]
[Date "2007.04.11"]
[Round "8.161"]
[White "Jirka, Jiri"]
[Black "Leiber, Bernard"]
[Result "1-0"]
[WhiteElo "2367"]
[BlackElo "2190"]
[EventDate "2007.04.03"]
[PlyCount "81"]

1.d4 Nf6 2.c4 d6 3.Nf3 Nbd7 4.Nc3 c6 5.g3 e5 6.Bg2 Be7 7.O-O O-O 8.Qc2 Re8
9.h3 Bf8 10.e4 h6 11.Be3 b5 12.c5 b4 13.Na4 d5 14.Nxe5 Nxe5 15.dxe5 Nxe4 
16.Nb6 Bf5 17.g4 Bg6 18.f4 f5 19.Nxa8 Qxa8 20.Bxe4 dxe4 21.Qc4+ Bf7 22.
Qxb4 fxg4 23.hxg4 Qc8 24.f5 Rxe5 25.Rad1 Bd5 26.Qc3 Re8 27.Rd2 Qc7 28.g5 
Qf7 29.b3 Be7 30.f6 Bf8 31.Rg2 Qg6 32.Qd2 Be6 33.Rg3 gxf6 34.Rxf6 Qg7 35.
Qf2 Bf7 36.Rxc6 Qe5 37.Rf6 Bg6 38.Kg2 Bg7 39.Ra6 Rf8 40.Qe2 Qf5 41.c6 1-0

[Event "8th EUR-ch"]
[Site "Dresden GER"]
[Date "2007.04.11"]
[Round "8.162"]
[White "Siedentopf, Daniel"]
[Black "Philippe, Christophe"]
[Result "0-1"]
[WhiteElo "2178"]
[BlackElo "2354"]
[EventDate "2007.04.03"]
[PlyCount "126"]

1.d4 d5 2.c4 e5 3.dxe5 d4 4.Nf3 Nc6 5.g3 Bg4 6.Bg2 Qd7 7.Nbd2 O-O-O 8.Qa4 
Kb8 9.a3 d3 10.e3 h5 11.h3 Be6 12.b4 Nxe5 13.Qxd7 Nxf3+ 14.Bxf3 Rxd7 15.
Bb2 Ne7 16.Kf1 h4 17.g4 f5 18.Rc1 fxg4 19.hxg4 Nc6 20.Bxc6 bxc6 21.f3 a5 
22.Bd4 axb4 23.axb4 Rf7 24.Kg2 Kc8 25.Ra1 Kd7 26.Ra8 h3+ 27.Rxh3 Rxh3 28.
Kxh3 Bxb4 29.Ra2 c5 30.Ba1 Bxd2 31.Rxd2 Rxf3+ 32.Kh4 Rxe3 33.Bxg7 Bxc4 34.
Kg5 Bd5 35.Bc3 c4 36.Kf5 Kd6 37.g5 Rf3+ 38.Kg4 Rf1 39.g6 Rc1 40.Bb2 Rb1 
41.Bf6 Kc5 42.g7 Kb4 43.Bd4 c5 44.Be5 c3 45.Rxd3 Be6+ 46.Kg5 c2 47.Bf4 
c1=Q 48.Bxc1 Rxc1 49.Kf6 Rg1 50.Kxe6 Rxg7 51.Rd8 Rg5 52.Rb8+ Kc3 53.Rc8 c4
54.Rb8 Kc2 55.Rc8 c3 56.Rb8 Kc1 57.Rc8 c2 58.Rb8 Rg6+ 59.Ke5 Kd2 60.Rb2 
Kc3 61.Rb8 c1=Q 62.Rc8+ Kd2 63.Rxc1 Kxc1 0-1

[Event "8th EUR-ch"]
[Site "Dresden GER"]
[Date "2007.04.11"]
[Round "8.163"]
[White "Geske, Julian"]
[Black "Espig, Lutz"]
[Result "0-1"]
[WhiteElo "2176"]
[BlackElo "2351"]
[EventDate "2007.04.03"]
[PlyCount "76"]

1.e4 c5 2.Nf3 e6 3.d4 cxd4 4.Nxd4 Nf6 5.Nc3 d6 6.Bc4 Be7 7.g4 h6 8.Bb3 a6 
9.Be3 Nc6 10.f3 Na5 11.Qe2 Qc7 12.O-O-O b5 13.h4 g6 14.g5 Nh5 15.Qf2 Nxb3+
16.axb3 Bd7 17.f4 b4 18.Nb1 e5 19.fxe5 dxe5 20.Nf5 gxf5 21.exf5 Rc8 22.Rh2
Nf4 23.Bxf4 exf4 24.Qd4 Rg8 25.f6 Bc5 26.Qe4+ Be6 27.gxh6 Be3+ 28.Nd2 Qc6 
29.Qh7 Kd7 30.Kb1 Kc7 31.Nc4 Bxc4 32.bxc4 Qxf6 33.Rd5 Qg6 34.Qxg6 Rxg6 35.
Rf5 f6 36.Rh5 Rh8 37.h7 Rg7 38.Rh6 Bd4 0-1

[Event "8th EUR-ch"]
[Site "Dresden GER"]
[Date "2007.04.11"]
[Round "8.164"]
[White "Roos, Michael"]
[Black "Minescu, Dragos-Olivar"]
[Result "1-0"]
[WhiteElo "2349"]
[BlackElo "2152"]
[EventDate "2007.04.03"]
[PlyCount "85"]

1.e4 c5 2.d3 Nc6 3.g3 g6 4.Bg2 Bg7 5.f4 d6 6.Nf3 e6 7.O-O Nge7 8.c3 f5 9.
Na3 O-O 10.Re1 h6 11.Be3 b6 12.Bf2 Qd7 13.d4 fxe4 14.Rxe4 cxd4 15.Nxd4 
Nxd4 16.Bxd4 Bb7 17.Bxg7 Kxg7 18.Re2 Bxg2 19.Rxg2 Nf5 20.Qd3 Rad8 21.Re2 
h5 22.Rae1 Rfe8 23.Nc4 Re7 24.Nd2 Rde8 25.Nf3 Qc6 26.c4 e5 27.Qc3 Kg8 28.
fxe5 dxe5 29.Rxe5 Rxe5 30.Rxe5 Rxe5 31.Nxe5 Qe6 32.Kg2 Kh7 33.b4 Nd6 34.
Qd4 Nxc4 35.Nxc4 Qe2+ 36.Kh3 Qf1+ 37.Kh4 Qe2 38.Qd7+ Kg8 39.Qd8+ Kh7 40.
Qc7+ Kg8 41.Qd8+ Kh7 42.Qc7+ Kg8 43.Kg5 1-0

[Event "8th EUR-ch"]
[Site "Dresden GER"]
[Date "2007.04.11"]
[Round "8.165"]
[White "Zelbel, Patrick"]
[Black "Bruned, Yvain"]
[Result "1-0"]
[WhiteElo "2144"]
[BlackElo "2339"]
[EventDate "2007.04.03"]
[PlyCount "141"]

1.e4 c5 2.c3 d5 3.exd5 Qxd5 4.d4 Nf6 5.Nf3 Bg4 6.Nbd2 Nc6 7.Bc4 Bxf3 8.Qb3
Bxg2 9.Bxd5 Bxd5 10.Qxb7 Nxd4 11.Qa6 Nc2+ 12.Ke2 Nxa1 13.Rd1 Rd8 14.Qa4+ 
Nd7 15.Nf1 Be6 16.Bf4 g6 17.Rxa1 Bg7 18.Ne3 O-O 19.h4 Ra8 20.Rd1 Nb6 21.
Qe4 Bxa2 22.Be5 f6 23.Bc7 Bf7 24.h5 e5 25.hxg6 Bxg6 26.Nf5 Rae8 27.Bd6 Rf7
28.Bxc5 Rc7 29.Bxb6 axb6 30.Qd5+ Kh8 31.Qd6 Rcc8 32.Qd7 Bxf5 33.Qxf5 Rc7 
34.Rh1 h6 35.Qg6 Rce7 36.Rxh6+ Bxh6 37.Qxh6+ Kg8 38.Qg6+ Kf8 39.Qxf6+ Rf7 
40.Qxb6 Ree7 41.Qd6 Rf4 42.Ke3 Ke8 43.Qc6+ Kd8 44.b4 Rc7 45.Qd6+ Kc8 46.
Qxe5 Rff7 47.Qe8+ Kb7 48.Qb5+ Kc8 49.Qa6+ Kb8 50.Qb6+ Kc8 51.Kd2 Rb7 52.
Qc6+ Rbc7 53.Qa8+ Kd7 54.f3 Rf6 55.Qa4+ Kd8 56.b5 Rd7+ 57.Kc2 Re6 58.Kb3 
Re3 59.b6 Re1 60.Qh4+ Rde7 61.Qh8+ Kd7 62.Qb8 R7e2 63.Qc7+ Ke8 64.Kc4 Rb2 
65.Kc5 Rc1 66.Qe5+ Kd7 67.Qd4+ Kc8 68.Qg4+ Kb7 69.Qd7+ Kb8 70.Qc7+ Ka8 71.
Qa7# 1-0

[Event "8th EUR-ch"]
[Site "Dresden GER"]
[Date "2007.04.11"]
[Round "8.166"]
[White "Beck, Frederik"]
[Black "Boettger, Lukas"]
[Result "1-0"]
[WhiteElo "2334"]
[BlackElo "2108"]
[EventDate "2007.04.03"]
[PlyCount "107"]

1.e4 d5 2.exd5 Qxd5 3.Nc3 Qa5 4.Bc4 Nf6 5.d3 c6 6.Qe2 e6 7.Bd2 Qc7 8.Nf3 
Bd6 9.Ne4 Be7 10.O-O Nbd7 11.d4 O-O 12.Neg5 Nb6 13.Bd3 c5 14.dxc5 Qxc5 15.
c4 h6 16.Ne4 Nxe4 17.Qxe4 f5 18.Qe2 Bf6 19.b4 Qc7 20.Rae1 e5 21.c5 e4 22.
cxb6 exd3 23.bxc7 dxe2 24.Rxe2 Bd7 25.Rc1 Rfe8 26.Rxe8+ Rxe8 27.Be3 b6 28.
a4 Kf7 29.a5 bxa5 30.bxa5 a6 31.g3 Bc8 32.Bb6 Re7 33.Nd2 g5 34.Nc4 Ke6 35.
Rd1 Rd7 36.Re1+ Kf7 37.Rc1 Ke6 38.Re1+ Kf7 39.f3 Bc3 40.Rc1 Bf6 41.Kf2 Ke6
42.Rc2 Bg7 43.h4 gxh4 44.gxh4 h5 45.f4 Bf6 46.Ke3 Rg7 47.Nd2 Bxh4 48.Nf3 
Be7 49.Nd4+ Kd5 50.Nc6 h4 51.Na7 Rg8 52.Rd2+ Ke6 53.Nxc8 Rxc8 54.Rd8 1-0

[Event "8th EUR-ch"]
[Site "Dresden GER"]
[Date "2007.04.11"]
[Round "8.169"]
[White "Kostopoulos, Evangellos"]
[Black "Jahnel, Guenther"]
[Result "0-1"]
[WhiteElo "2120"]
[BlackElo "2303"]
[EventDate "2007.04.03"]
[PlyCount "64"]

1.e4 d6 2.d4 Nf6 3.Nc3 g6 4.Bg5 h6 5.Bxf6 exf6 6.Bd3 c6 7.Nge2 b5 8.Qd2 h5
9.f4 Bh6 10.O-O a6 11.Rae1 Nd7 12.Nd1 c5 13.c3 Kf8 14.Nf2 Kg7 15.g4 hxg4 
16.Nxg4 Nf8 17.Nxh6 Rxh6 18.f5 Nh7 19.Ng3 cxd4 20.cxd4 Ng5 21.e5 dxe5 22.
dxe5 Nh3+ 23.Kh1 Bb7+ 24.Ne4 fxe5 25.f6+ Kh7 26.Rf3 Nf4 27.Kg1 Bxe4 28.
Rxe4 Qxf6 29.Qc3 Qg5+ 30.Rg3 Qh5 31.h3 Nxh3+ 32.Kf1 Qf5+ 0-1

[Event "8th EUR-ch"]
[Site "Dresden GER"]
[Date "2007.04.11"]
[Round "8.170"]
[White "Schnoor, Ekkehard"]
[Black "Peterson, Eric"]
[Result "0-1"]
[WhiteElo "1936"]
[BlackElo "2302"]
[EventDate "2007.04.03"]
[PlyCount "216"]

1.e4 e6 2.d4 d5 3.Nc3 Bb4 4.e5 c5 5.a3 Bxc3+ 6.bxc3 Ne7 7.Qg4 cxd4 8.cxd4 
Qc7 9.Bd2 Qxc2 10.Qxg7 Rg8 11.Qh6 Qb2 12.Rc1 Qxd4 13.Nf3 Qe4+ 14.Be3 Nbc6 
15.Rd1 Nxe5 16.Nxe5 Qxe5 17.Qxh7 Rh8 18.Bb5+ Kf8 19.Qc2 Nf5 20.Qc5+ Kg7 
21.g3 a6 22.Bd3 Nxe3 23.fxe3 Bd7 24.O-O Rac8 25.Qe7 Qh5 26.Rd2 Be8 27.Qxb7
Bb5 28.Bxb5 axb5 29.Qxb5 Qe5 30.Re2 Rc3 31.Qb7 Rc7 32.Qb4 Rc4 33.Qb7 Rc7 
34.Qb4 Rc4 35.Qb7 Rf8 36.Qb2 Qxb2 37.Rxb2 Rc3 38.Re1 Rxa3 39.Rb4 Rc8 40.e4
Rc2 41.exd5 exd5 42.Rd4 Raa2 43.Rxd5 Rg2+ 44.Kh1 Rxh2+ 45.Kg1 Rhg2+ 46.Kh1
Rh2+ 47.Kg1 Rag2+ 48.Kf1 Rxg3 49.Re2 Rf3+ 50.Ke1 Rh1+ 51.Kd2 Rg1 52.Rd3 
Rf4 53.Ke3 Rgg4 54.Rf2 Re4+ 55.Kd2 Ra4 56.Rdf3 Rad4+ 57.Ke2 Rd7 58.Kf1 Ra7
59.Ke2 Rg6 60.Kf1 Ra1+ 61.Ke2 Re6+ 62.Kd2 Ra2+ 63.Kd3 Ra7 64.Kd2 f6 65.
Rg2+ Kf7 66.Rgf2 Ra5 67.Kd1 Ra1+ 68.Kd2 Raa6 69.Kd1 Re5 70.Kd2 Ra2+ 71.Kd3
Ra3+ 72.Kd4 Ra4+ 73.Kd3 Ra6 74.Kd2 Ra2+ 75.Kd3 Ra3+ 76.Kd4 Ra6 77.Rf4 Rd6+
78.Kc4 Ra5 79.Kb4 Raa6 80.Kc5 Rac6+ 81.Kb5 Rc1 82.Rf5 Kg6 83.R5f3 Rd5+ 84.
Kb4 f5 85.Rg2+ Kf6 86.Rgf2 Re5 87.Rf4 Kg5 88.R4f3 Re4+ 89.Kb3 f4 90.Kb2 
Rc8 91.Rg2+ Kf5 92.Rgf2 Rb4+ 93.Ka3 Rcc4 94.Rf1 Re4 95.R1f2 Rb8 96.Rf1 Ke5
97.R3f2 Kf5 98.Rf3 Kg4 99.R3f2 Re3+ 100.Ka4 f3 101.Rg1+ Kf4 102.Rg7 Re4+ 
103.Ka3 Re3+ 104.Ka4 Re4+ 105.Ka3 Ke3 106.Rf1 Ke2 107.Rgg1 f2 108.Rh1 Re7 
0-1

[Event "8th EUR-ch"]
[Site "Dresden GER"]
[Date "2007.04.11"]
[Round "8.172"]
[White "Fernandes, Antonio"]
[Black "Windelband, Jens"]
[Result "1-0"]
[WhiteElo "2448"]
[BlackElo "2181"]
[EventDate "2007.04.03"]
[PlyCount "73"]

1.d4 f5 2.g3 Nf6 3.Bg2 g6 4.Nh3 Bg7 5.Nf4 d6 6.d5 Na6 7.h4 O-O 8.h5 gxh5 
9.Nd2 Nc5 10.e3 Qe8 11.Nb3 e5 12.dxe6 Bxe6 13.Nxh5 Nxh5 14.Qxh5 Qxh5 15.
Rxh5 Ne4 16.Nd4 Bd7 17.c3 Rae8 18.Bd2 c5 19.Ne2 b5 20.f3 Nxd2 21.Kxd2 Re7 
22.Nf4 Rb8 23.Nd5 Rf7 24.Rc1 Be6 25.f4 a5 26.a3 h6 27.b3 Kh7 28.Kc2 Kg6 
29.Rhh1 Ra7 30.e4 b4 31.g4 fxg4 32.f5+ Bxf5 33.exf5+ Kxf5 34.Rhf1+ Kg5 35.
Nf4 bxa3 36.Ne6+ Kg6 37.Be4+ 1-0

[Event "8th EUR-ch"]
[Site "Dresden GER"]
[Date "2007.04.11"]
[Round "8.173"]
[White "Lorscheid, Gerhard"]
[Black "Jaenig, Reinhard"]
[Result "1-0"]
[WhiteElo "2302"]
[BlackElo "2176"]
[EventDate "2007.04.03"]
[PlyCount "61"]

1.d4 d5 2.c4 c5 3.Nf3 e6 4.Qc2 Nd7 5.g3 Bd6 6.Bg2 Ngf6 7.O-O O-O 8.Nbd2 e5
9.cxd5 Nxd5 10.Nc4 Qc7 11.Nxd6 Qxd6 12.a3 exd4 13.Nxd4 N7f6 14.Rd1 Qe5 15.
e4 Nb6 16.Bf4 Qh5 17.f3 Re8 18.a4 g5 19.Bd6 g4 20.f4 Bd7 21.a5 Nc8 22.Be5 
Qg6 23.Ne2 Re7 24.a6 b5 25.Nd4 Nb6 26.Nf5 Ree8 27.b3 Be6 28.Nd6 Re7 29.f5 
Qg5 30.Bf4 Qg7 31.fxe6 1-0

[Event "8th EUR-ch"]
[Site "Dresden GER"]
[Date "2007.04.11"]
[Round "8.174"]
[White "Loew, Gerald"]
[Black "Kuehner, Christian"]
[Result "0-1"]
[WhiteElo "2285"]
[BlackElo "2135"]
[EventDate "2007.04.03"]
[PlyCount "64"]

1.c4 c5 2.g3 g6 3.Bg2 Bg7 4.Nc3 Nc6 5.a3 Nf6 6.Rb1 e6 7.b4 cxb4 8.axb4 d5 
9.cxd5 exd5 10.b5 Ne7 11.d4 O-O 12.e3 Bf5 13.Rb3 Ne4 14.Nge2 Qd7 15.Ba3 
Rfe8 16.O-O g5 17.f3 Nf6 18.Qd2 Ng6 19.Re1 Bh3 20.Bh1 g4 21.f4 h5 22.Bb4 
h4 23.Ra3 Qe6 24.Kf2 Bf8 25.Bxf8 Kxf8 26.Rea1 Ne7 27.Rxa7 Rxa7 28.Rxa7 Nf5
29.Nxd5 Ne4+ 30.Bxe4 Qxe4 31.Qb4+ Kg7 32.Qb3 Qh1 0-1

[Event "8th EUR-ch"]
[Site "Dresden GER"]
[Date "2007.04.11"]
[Round "8.176"]
[White "Godoj, Veit"]
[Black "Bakker, Sven"]
[Result "1-0"]
[WhiteElo "2113"]
[BlackElo "2253"]
[EventDate "2007.04.03"]
[PlyCount "49"]

1.e4 c6 2.d4 d5 3.exd5 cxd5 4.Bd3 Nc6 5.c3 Qc7 6.h3 g6 7.Ne2 Bf5 8.Bxf5 
gxf5 9.Bf4 Qd7 10.Nd2 e6 11.Nf3 Bg7 12.Qa4 Nge7 13.Rg1 a6 14.g4 Rc8 15.Qa3
fxg4 16.hxg4 Ng6 17.O-O-O Bf8 18.Qa4 h5 19.Be3 hxg4 20.Rxg4 Bd6 21.Rdg1 
Nce5 22.dxe5 b5 23.Qxa6 Be7 24.Kb1 O-O 25.Nf4 1-0

[Event "8th EUR-ch"]
[Site "Dresden GER"]
[Date "2007.04.11"]
[Round "8.177"]
[White "Schulz, Michael"]
[Black "Sondermann, Johannes"]
[Result "0-1"]
[WhiteElo "2250"]
[BlackElo "2173"]
[EventDate "2007.04.03"]
[PlyCount "126"]

1.d4 c5 2.d5 f5 3.Nc3 Nf6 4.Bg5 Qb6 5.Bxf6 Qxf6 6.Nf3 d6 7.Qd2 a6 8.a4 g6 
9.g3 Bg7 10.Bg2 O-O 11.e3 Nd7 12.O-O Rb8 13.Rfe1 b5 14.axb5 axb5 15.Ra7 b4
16.Na4 g5 17.e4 f4 18.gxf4 gxf4 19.Kh1 Kh8 20.b3 Qh6 21.Qe2 Qh5 22.e5 Nxe5
23.Rxe7 Bg4 24.Rxe5 Bxe5 25.Nxc5 Bc3 26.Ne6 Bxe1 27.Qxe1 Bxe6 28.dxe6 Qg6 
29.Nd4 Rg8 30.Bd5 Qf6 31.e7 Rge8 32.Nc6 Ra8 33.Qe4 Ra1+ 34.Kg2 Kg7 35.Nd4 
Qg6+ 36.Kf3 Qxe4+ 37.Bxe4 Kf6 38.Nc6 Re1 39.Kxf4 h6 40.Nxb4 Kxe7 41.Nd5+ 
Kf7 42.Bf3 Rc8 43.Ne3 Rc7 44.Bh5+ Kf8 45.Bg6 Rh1 46.Ng4 Kg7 47.Be4 Rf7+ 
48.Ke3 Re1+ 49.Kd3 Rf4 50.Ne3 Rxf2 51.Nf5+ Kf8 52.Nxh6 Rxh2 53.Nf5 d5 54.
Bxd5 Rd1+ 55.Ke4 Re2+ 56.Ne3 Rxd5 57.Kxd5 Rxe3 58.b4 Ke7 59.c4 Kd7 60.Kc5 
Kc7 61.Kb5 Re4 62.Kc5 Re5+ 63.Kd4 Rh5 0-1

[Event "8th EUR-ch"]
[Site "Dresden GER"]
[Date "2007.04.11"]
[Round "8.178"]
[White "Hartoch, Robert"]
[Black "Kaphle, Stephan"]
[Result "1-0"]
[WhiteElo "2242"]
[BlackElo "2151"]
[EventDate "2007.04.03"]
[PlyCount "77"]

1.Nf3 g6 2.g3 Bg7 3.d4 d6 4.Bg2 c5 5.O-O Nd7 6.c4 Ngf6 7.Nc3 Qb6 8.b3 O-O 
9.Bb2 e6 10.e3 a6 11.Qe2 Rb8 12.Rfd1 Qc7 13.Rac1 b6 14.e4 cxd4 15.Nxd4 Bb7
16.h3 Rfe8 17.Qd2 Bf8 18.Re1 Rbc8 19.Re2 Qb8 20.Rce1 Qa8 21.Kh2 Red8 22.f4
Nc5 23.f5 d5 24.fxe6 fxe6 25.Nxe6 Nxe6 26.exd5 Nc5 27.Na4 Rd6 28.Nxc5 bxc5
29.Re6 Rxe6 30.Rxe6 Nh5 31.Bf3 Ng7 32.Bg4 Re8 33.Qe2 Rxe6 34.Bxe6+ Kh8 35.
Qe5 Qd8 36.h4 Bc8 37.Qb8 Bd6 38.Qxc8 Qxc8 39.Bxc8 1-0

[Event "8th EUR-ch"]
[Site "Dresden GER"]
[Date "2007.04.11"]
[Round "8.179"]
[White "Bente, Bjoern"]
[Black "Johansen, Paul"]
[Result "1/2-1/2"]
[WhiteElo "2238"]
[BlackElo "2108"]
[EventDate "2007.04.03"]
[PlyCount "113"]

1.d4 Nf6 2.c4 c5 3.d5 e6 4.Nc3 exd5 5.cxd5 Bd6 6.e4 O-O 7.Nf3 Re8 8.Bd3 
Bc7 9.O-O a6 10.a4 d6 11.h3 Ba5 12.Re1 Nbd7 13.Bf4 Qb6 14.Qc2 Qc7 15.Rad1 
Rb8 16.e5 Nxe5 17.Nxe5 dxe5 18.d6 Qd8 19.Bxe5 Bd7 20.Bxf6 Rxe1+ 21.Rxe1 
Qxf6 22.Bxh7+ Kh8 23.Be4 Qxd6 24.Rd1 Qe7 25.Nd5 Qe5 26.Ne3 Be6 27.Nc4 Bxc4
28.Qxc4 Rd8 29.Rxd8+ Bxd8 30.Bxb7 Qe1+ 31.Qf1 Qxf1+ 32.Kxf1 a5 33.Bd5 Kg8 
34.Ke2 Bf6 35.b3 Bc3 36.Kd3 Be1 37.f4 Kf8 38.g4 Ke7 39.Ke4 f6 40.Kf5 Bg3 
41.Bc4 Kf8 42.g5 fxg5 43.Kxg5 Be1 44.h4 Bd2 45.h5 Bc1 46.Kf5 Bd2 47.Ke4 
Ke7 48.Ke5 Bc3+ 49.Kf5 Bd4 50.Kg6 Bc3 51.f5 Bd4 52.Bd3 Bc3 53.Kg5 Bd2+ 54.
Kg6 Bc3 55.Kg5 Bd2+ 56.Kg4 Kf6 57.Kf3 1/2-1/2

[Event "8th EUR-ch"]
[Site "Dresden GER"]
[Date "2007.04.11"]
[Round "8.180"]
[White "Lochte, Thomas"]
[Black "Magar, Johannes"]
[Result "1-0"]
[WhiteElo "2221"]
[BlackElo "2093"]
[EventDate "2007.04.03"]
[PlyCount "53"]

1.e4 e5 2.Nf3 Nf6 3.Bc4 Nxe4 4.Nc3 Nc6 5.O-O Nxc3 6.dxc3 Be7 7.Qd5 O-O 8.
Nxe5 Nxe5 9.Qxe5 Bf6 10.Qh5 c6 11.Bf4 d5 12.Bd3 g6 13.Qf3 Be6 14.Bc7 Qxc7 
15.Qxf6 Rae8 16.Rae1 Bd7 17.f4 Rxe1 18.Rxe1 Re8 19.Rxe8+ Bxe8 20.h4 h5 21.
f5 Kh7 22.Qg5 Qd6 23.fxg6+ fxg6 24.Qxh5+ Kg7 25.Qg5 Kf8 26.Qh6+ Ke7 27.
Qe3+ 1-0

[Event "8th EUR-ch"]
[Site "Dresden GER"]
[Date "2007.04.11"]
[Round "8.181"]
[White "Hutchinson, Norman"]
[Black "Klokas, Konstantinos"]
[Result "0-1"]
[WhiteElo "2087"]
[BlackElo "2219"]
[EventDate "2007.04.03"]
[PlyCount "86"]

1.e4 c5 2.c3 d6 3.Nf3 Nf6 4.Be2 Nc6 5.d3 g6 6.O-O Bg7 7.Bg5 h6 8.Be3 Ng4 
9.Bf4 e5 10.Bg3 O-O 11.Nh4 Nf6 12.Na3 d5 13.exd5 Nxd5 14.Qb3 g5 15.Nf3 f5 
16.h3 Rf7 17.Rfe1 f4 18.Bh2 Be6 19.Nd2 Nc7 20.Qc2 Bf8 21.Bf3 Bd5 22.Nac4 
Qf6 23.Bh5 Rd7 24.Ne4 Qg7 25.Ncd2 Rad8 26.Rad1 Be6 27.Nb3 b6 28.Nc1 Ne8 
29.Qa4 Ne7 30.Qc2 Nf6 31.Nxf6+ Qxf6 32.Qe2 Bg7 33.Bf3 Bf5 34.Be4 Be6 35.
Kf1 Nf5 36.Kg1 Bf7 37.Rd2 h5 38.Red1 a5 39.Bf3 Qg6 40.Qe4 Nh4 41.g3 Nxf3+ 
42.Qxf3 g4 43.Qe2 f3 0-1

[Event "8th EUR-ch"]
[Site "Dresden GER"]
[Date "2007.04.11"]
[Round "8.182"]
[White "Lyell, Mark"]
[Black "Pick, Stefan"]
[Result "1-0"]
[WhiteElo "2203"]
[BlackElo "2083"]
[EventDate "2007.04.03"]
[PlyCount "133"]

1.e4 d5 2.exd5 Nf6 3.c4 c6 4.d4 cxd5 5.Nc3 Nc6 6.Bg5 e6 7.c5 Be7 8.Nf3 b6 
9.Bb5 Bd7 10.Bxc6 Bxc6 11.Ne5 Qc7 12.b4 bxc5 13.bxc5 O-O 14.O-O Rfc8 15.
Re1 Qa5 16.Qf3 Rab8 17.Rab1 Be8 18.h4 Rb4 19.Rxb4 Qxb4 20.Qe3 Bxc5 21.dxc5
d4 22.Qf4 Qxc3 23.Rc1 Qb2 24.Bxf6 gxf6 25.Nd3 Qxa2 26.Qxf6 Qd2 27.Qxd4 Bb5
28.Qg4+ Kf8 29.Rd1 Qc2 30.Ne5 Qxc5 31.Qg5 Qc2 32.Rd8+ Rxd8 33.Qxd8+ Kg7 
34.Qg5+ Kf8 35.Qf4 Be8 36.Qb4+ Kg8 37.Qg4+ Kf8 38.Qb4+ Kg8 39.Qg4+ Kf8 40.
Qd4 Qc1+ 41.Kh2 Qc7 42.Qf4 Ke7 43.Qg5+ Kd6 44.f4 a5 45.Qg8 Ke7 46.Qxh7 a4 
47.Qe4 Kf8 48.Qe3 Qe7 49.Nf3 a3 50.Qd4 f6 51.g4 Bc6 52.Nd2 Bd5 53.g5 Kf7 
54.Ne4 Bxe4 55.Qxe4 f5 56.Qd4 Kg8 57.h5 Qb7 58.Qd8+ Kg7 59.Qf6+ Kh7 60.g6+
Kg8 61.Qxe6+ Kg7 62.Qe5+ Kg8 63.Kg3 Qe4 64.Qb8+ Kg7 65.Qa7+ Kg8 66.Qf7+ 
Kh8 67.Qh7# 1-0

[Event "8th EUR-ch"]
[Site "Dresden GER"]
[Date "2007.04.11"]
[Round "8.183"]
[White "Mayer, Frank"]
[Black "Ringoir, Tanguy"]
[Result "1/2-1/2"]
[WhiteElo "2076"]
[BlackElo "2199"]
[EventDate "2007.04.03"]
[PlyCount "65"]

1.e4 c5 2.d4 cxd4 3.c3 Nf6 4.e5 Nd5 5.Nf3 e6 6.cxd4 d6 7.a3 Nc6 8.Bd3 g6 
9.O-O Bg7 10.Re1 O-O 11.b4 dxe5 12.dxe5 b6 13.Bb2 Bb7 14.Be4 Nce7 15.Nbd2 
Rc8 16.Qb3 Rc7 17.g3 Nf5 18.Rad1 Qa8 19.Nd4 Nxd4 20.Bxd4 Rfc8 21.Qf3 Bh6 
22.Nb3 Rc4 23.Qg2 Qb8 24.f4 Bf8 25.Rc1 Rxc1 26.Rxc1 Rxc1+ 27.Nxc1 Qc7 28.
Qc2 Qxc2 29.Bxc2 a5 30.bxa5 Bxa3 31.Nb3 Nb4 32.Bd1 bxa5 33.Nxa5 1/2-1/2

[Event "8th EUR-ch"]
[Site "Dresden GER"]
[Date "2007.04.11"]
[Round "8.184"]
[White "Srienz, Christian"]
[Black "Kleinert, Juergen"]
[Result "1-0"]
[WhiteElo "2197"]
[BlackElo "2060"]
[EventDate "2007.04.03"]
[PlyCount "95"]

1.c4 e5 2.g3 Nc6 3.Bg2 d6 4.Nc3 Be6 5.Nd5 Nf6 6.e3 Bxd5 7.cxd5 Ne7 8.Qb3 
c6 9.Qxb7 Nfxd5 10.a3 Qc8 11.Qb3 g6 12.Ne2 f5 13.O-O Bg7 14.d3 Rb8 15.Qa2 
Qa6 16.e4 Nc7 17.Nc3 Qb7 18.b4 d5 19.Bg5 Rd8 20.Na4 Ne6 21.Nc5 Nxc5 22.
bxc5 h6 23.Rab1 Qd7 24.Bxe7 Kxe7 25.exd5 cxd5 26.Rfc1 Qc6 27.a4 e4 28.dxe4
dxe4 29.Bf1 Bd4 30.Bb5 Qd5 31.Bc4 Qxc5 32.Rb7+ Kf6 33.Rf7+ Ke5 34.Kg2 Rhf8
35.Bb5 Qd5 36.Bc4 Qd6 37.Be2 Rxf7 38.Qxf7 Qf6 39.Qc7+ Qd6 40.Qg7+ Qf6 41.
Qxh6 g5 42.Qh7 Rd6 43.Rc8 Rc6 44.Re8+ Kd6 45.Qg8 Qg7 46.Qe6+ Kc5 47.Qc4+ 
Kb6 48.Qb5+ 1-0

[Event "8th EUR-ch"]
[Site "Dresden GER"]
[Date "2007.04.11"]
[Round "8.185"]
[White "Chapman, Alan"]
[Black "Natsidis, Christoph"]
[Result "1-0"]
[WhiteElo "2058"]
[BlackElo "2196"]
[EventDate "2007.04.03"]
[PlyCount "62"]

1.e4 c6 2.d4 d5 3.e5 Bf5 4.Nc3 e6 5.g4 Bg6 6.Nge2 c5 7.Be3 Nc6 8.Nf4 Nge7 
9.Nb5 Nc8 10.c4 cxd4 11.Bxd4 Bb4+ 12.Bc3 d4 13.Bxb4 Nxb4 14.Nxg6 fxg6 15.
Qa4 Nc6 16.Qa3 a6 17.Bg2 Rb8 18.Nd6+ Nxd6 19.exd6 O-O 20.c5 Qh4 21.O-O 
Qxg4 22.Rae1 Rf6 23.Kh1 Qg5 24.Qb3 Qxc5 25.Rxe6 Kh8 26.Rfe1 Rff8 27.d7 
Rbd8 28.Qxb7 Nb8 29.Re8 Qa5 30.b4 Qa4 31.Rxd8 Rxd8 1-0

[Event "8th EUR-ch"]
[Site "Dresden GER"]
[Date "2007.04.11"]
[Round "8.186"]
[White "Janda, Zdenek"]
[Black "Grigoryan, Meri"]
[Result "1-0"]
[WhiteElo "2182"]
[BlackElo "2058"]
[EventDate "2007.04.03"]
[PlyCount "93"]

1.c4 Nc6 2.Nc3 e5 3.g3 f5 4.Bg2 Nf6 5.d3 Bc5 6.e3 O-O 7.Nge2 Qe8 8.O-O Bb6
9.a3 a5 10.Nb5 d6 11.d4 Qh5 12.Nec3 Qxd1 13.Rxd1 a4 14.c5 dxc5 15.dxc5 Ba5
16.Nd5 Nxd5 17.Bxd5+ Kh8 18.Bd2 Bxd2 19.Rxd2 Ra5 20.Nxc7 Rxc5 21.Rad1 g6 
22.Bxc6 Rxc6 23.Rd8 Kg7 24.Rxf8 Kxf8 25.Rd8+ Ke7 26.Rxc8 Rc1+ 27.Kg2 Kd7 
28.Ra8 Kxc7 29.Rxa4 Rc2 30.Rb4 Kc6 31.h3 b5 32.g4 f4 33.exf4 exf4 34.b3 g5
35.a4 bxa4 36.bxa4 Ra2 37.Rb5 h6 38.Rf5 Rxa4 39.Rf6+ Kd5 40.Rxh6 Ke4 41.
Re6+ Kd4 42.Rf6 Ra5 43.h4 f3+ 44.Rxf3 gxh4 45.Kh3 Ke4 46.Rf8 Ra7 47.Kxh4 
1-0

[Event "8th EUR-ch"]
[Site "Dresden GER"]
[Date "2007.04.11"]
[Round "8.187"]
[White "Kregelin, Jan"]
[Black "Glantz, Robert"]
[Result "1-0"]
[WhiteElo "2181"]
[BlackElo "1991"]
[EventDate "2007.04.03"]
[PlyCount "79"]

1.d4 Nf6 2.c4 e6 3.Nc3 Bb4 4.Qc2 O-O 5.e4 d5 6.e5 Nfd7 7.cxd5 exd5 8.Bd3 
h6 9.Nf3 c5 10.O-O Nc6 11.a3 cxd4 12.Nxd5 Ba5 13.b4 Ncxe5 14.Nxe5 Nxe5 15.
Be4 Bb6 16.Bf4 f6 17.Nxb6 Qxb6 18.Qb3+ Kh8 19.Qg3 Bd7 20.Rfe1 Rae8 21.Bc2 
Bb5 22.Bf5 Qd6 23.Qh4 Re7 24.Rad1 Kg8 25.Bb1 Bc4 26.Re4 Rd8 27.Bg3 Red7 
28.h3 b5 29.Rexd4 Qxd4 30.Rxd4 Rxd4 31.Be4 Bd5 32.Bh7+ Kxh7 33.Qxd4 Nc6 
34.Qc5 a6 35.Kh2 Ne5 36.Qb6 Re8 37.Qxa6 Bc4 38.Bxe5 Rxe5 39.a4 g5 40.Qxf6 
1-0

[Event "8th EUR-ch"]
[Site "Dresden GER"]
[Date "2007.04.11"]
[Round "8.188"]
[White "Schiefner, Ray"]
[Black "Kues, Hendrik"]
[Result "0-1"]
[WhiteElo "2047"]
[BlackElo "2243"]
[EventDate "2007.04.03"]
[PlyCount "110"]

1.e4 e6 2.d4 d5 3.exd5 exd5 4.Bd3 c5 5.c3 Nc6 6.Ne2 Nf6 7.O-O c4 8.Bc2 Bg4
9.f3 Be6 10.Nf4 Bd7 11.b3 Bd6 12.bxc4 dxc4 13.Qe2+ Ne7 14.Qxc4 Qb8 15.g3 
O-O 16.Be4 h5 17.h4 Nf5 18.Bxf5 Bxf5 19.Na3 a6 20.Qb3 b5 21.c4 b4 22.Nc2 
a5 23.c5 Bc7 24.Rf2 Re8 25.Bd2 Qd8 26.Ne2 Bxc2 27.Qxc2 Rxe2 28.Qd3 Rxf2 
29.Kxf2 Qd5 30.Re1 Re8 31.Rxe8+ Nxe8 32.Qe4 Nf6 33.Qxd5 Nxd5 34.f4 f5 35.
Ke2 Kf7 36.Kd3 Ke6 37.Kc4 Bd8 38.Bc1 g6 39.Bd2 Nc3 40.Bxc3 bxc3 41.d5+ Kd7
42.Kxc3 Bf6+ 43.Kc4 Kc7 44.a4 Bg7 45.Kb5 Bd4 46.d6+ Kd7 47.Kc4 Bf2 48.Kd5 
Bxg3 49.c6+ Kd8 50.Ke6 Bxh4 51.Kf7 Bg3 52.Ke6 Bxf4 53.c7+ Kc8 54.d7+ Kxc7 
55.Ke7 Bg5+ 0-1

[Event "8th EUR-ch"]
[Site "Dresden GER"]
[Date "2007.04.11"]
[Round "8.191"]
[White "Stips, Felix"]
[Black "Zweschper, Erich"]
[Result "1-0"]
[WhiteElo "2029"]
[BlackElo "2187"]
[EventDate "2007.04.03"]
[PlyCount "59"]

1.e4 e5 2.Nf3 Nf6 3.Nxe5 d6 4.Nf3 Nxe4 5.Nc3 Nxc3 6.dxc3 Be7 7.Bf4 Nd7 8.
Qd2 Nf6 9.O-O-O O-O 10.Bd3 Be6 11.Kb1 c5 12.Ng5 Bd7 13.Ne4 Be6 14.Nxd6 Qa5
15.Nc4 Qa4 16.b3 Qe8 17.Ne3 Qc8 18.f3 a6 19.g4 Rd8 20.Qf2 b5 21.c4 bxc4 
22.Bxc4 Bxc4 23.Nxc4 Nd5 24.Rxd5 Rxd5 25.Nb6 Qd8 26.Nxd5 Qxd5 27.Qe2 Qc6 
28.Qxe7 Qxf3 29.Re1 h6 30.Qe4 1-0

[Event "8th EUR-ch"]
[Site "Dresden GER"]
[Date "2007.04.11"]
[Round "8.192"]
[White "Calder, Dennis"]
[Black "Kongevold, Hans"]
[Result "0-1"]
[WhiteElo "2009"]
[BlackElo "2178"]
[EventDate "2007.04.03"]
[PlyCount "58"]

1.d4 f5 2.Nc3 d5 3.f3 Nf6 4.Bg5 c6 5.e4 Qb6 6.a3 fxe4 7.Bxf6 exf6 8.fxe4 
dxe4 9.Bc4 Bf5 10.Nge2 Nd7 11.O-O Bg6 12.b4 Bd6 13.Nf4 Bxf4 14.Rxf4 Qc7 
15.Qf1 Nb6 16.Bb3 O-O-O 17.Rd1 Rhe8 18.d5 cxd5 19.Nxd5 Nxd5 20.Rxd5 Rxd5 
21.Bxd5 Qe5 22.Qc4+ Kb8 23.Rf1 Rd8 24.Be6 Qd4+ 25.Qxd4 Rxd4 26.c4 Kc7 27.
g4 Kd6 28.Bg8 Ke5 29.h4 e3 0-1